Ochrana hospodárskej súťaže - globálna hospodárska kríza IV. zborník vedeckých prác

Salvato in:
Dettagli Bibliografici
Ente Autore: Ekonomická univerzita v Bratislave
Altri autori: Matušovič, Martin, Mišík, Vladimír, Tóth, Miroslav, 1961-
Natura: Libro
Lingua:slovacco
inglese
Pubblicazione: Bratislava Vydavateľstvo EKONÓM 2014
Edizione:1. vyd.
Soggetti:
Tags: Aggiungi Tag
Nessun Tag, puoi essere il primo ad aggiungerne!!

MARC

LEADER 00000nlm$a2200000$$$4500
001 0199483
005 20240502073359.2
020 |a 978-80-225-4020-9 
041 0 |a slo 
041 0 |a eng 
044 |a SK 
245 1 0 |a Ochrana hospodárskej súťaže - globálna hospodárska kríza IV.  |b zborník vedeckých prác  |c Martin Matušovič a kolektív ; redakčné spracovanie: Martin Matušovič 
250 |a 1. vyd. 
264 1 |a Bratislava  |b Vydavateľstvo EKONÓM  |c 2014 
300 |a CD-ROM [75 s., 3,75 AH] 
610 2 0 |a súťaž hospodárska 
610 2 0 |a kríza hospodárska 
610 2 0 |a kríza finančná 
610 2 0 |a globalizácia hospodárstva 
610 2 0 |a konkurencia 
610 2 0 |a banky 
610 2 0 |a regulácia 
610 2 0 |a služby poštové 
610 2 0 |a obchod elektronický 
610 2 0 |a podnikanie elektronické 
610 2 0 |a inovácia 
700 1 |a Matušovič, Martin 
700 1 |a Mišík, Vladimír 
700 1 |a Tóth, Miroslav, 1961- 
710 2 |a Ekonomická univerzita v Bratislave